000 01266cam a2200349 p 4500
001 000016171
003 UkOxU
005 20200929164314.0
008 790907s19701973sp b 001 0 spa
010 _a75567400
015 _aSp74
020 _a8432301078
035 _a(DLC) 75567400
035 _a3647264
040 _aDO-SdBNP
_cDLC
_dDLC
043 _as------
050 0 0 _aHD85.S7
_bS8 1973
100 1 _aSunkel, Osvaldo.
_936188
245 1 3 _aEl subdesarrollo latinoamericano y la teoría del desarrollo /
_cpor Osvaldo Sunkel, con la colaboración de Pedro Paz.
250 _a1. ed.
260 _aMadrid :
_bSiglo Veintiuno de España,
_c1970, 1973 printing.
300 _aviii, 385 p. :
_bgraphs ;
_c23 cm.
490 1 _aTextos del Instituto Latinoamericano de Planificación Económica y Social : Economía y demografía
504 _aIncludes bibliographical references and index.
650 0 _aEconomic development.
_936189
651 0 _aLatin America
_xEconomic Conditions.
_928874
700 1 _aPaz, Pedro
_930938
830 0 _aEconomía y demografía (Madrid, Spain)
_936190
852 _720834737
_yAvailable
910 _aCatalogación derivada
082 0 0 _a330.9/8/003
999 _c15711
_d15711